عرض عادي
عرض مارك
- Drake, Richard L.
مدخل إسم شخص
001 - رقم الضبط
- حقل الضبط: 16175
003 - معرف رقم الضبط
- حقل الضبط: OSt
005 - تاريخ ووقت أخر عملية
- حقل الضبط: 20120623145129.0
008 - عناصر بيانات ثابتة الطول
- حقل تحكم ثابت الطول: 120623|||a|||||| | ||| d
040 ## - مصدر الفهرسة
- هيئة الفهرسة الأصلية: OSt
- وكالة الكتابة: OSt
100 ## - مدخل -- أسم شخص
- إسم شخص: Drake, Richard L.
- الشكل الكامل للاسم: (Richard Lee),
- تواريخ مرتبطة بالاسم: 1950-
- عنوان العمل: Gray's anatomy for students.
670 ## - بيانات المصدر موجوده
- الاستشهاد بالمصدر: Work cat.: (OSt)0: Gray's atlas of anatomy /, c2008.
